| 000 | 01862nam a2200349 c 4500 | ||
|---|---|---|---|
| 001 | 59407 | ||
| 003 | CO-BoRNBP | ||
| 005 | 20251008204926.0 | ||
| 007 | ta | ||
| 008 | 250131s2024 ck a ||cr ||| 00| 0 spa d | ||
| 020 | _a9789580027843 | ||
| 040 |
_aCO-BoRNBP _bspa _erda _cCO-BoRNBP |
||
| 041 | 0 | _aspa | |
| 082 | 0 | 4 |
_a394.26 _bA38c _223 |
| 100 |
_aAgudelo Montoya, Carlos, _d1979- , _eaut _965484 |
||
| 245 | 1 | 0 |
_aColombia es una fiesta / _cCarlos Agudelo Montoya ; ilustrador Yein Lucy Barreto Púlido. |
| 250 | _aEdición especial | ||
| 264 | 1 |
_aBogotá, Colombia : _bEducativa, _c2024 |
|
| 300 |
_a86 páginas : _bilustraciones a color |
||
| 336 |
_atexto _btxt _2rdacontent |
||
| 337 |
_asin mediación _bn _2rdamedia |
||
| 338 |
_avolumen _bnc _2rdacarrier |
||
| 504 | _aIncluye referencias bibliográficas | ||
| 520 | _aMuchas celebraciones nutren el patrimonio de un país, que se va perpetuando en el tiempo gracias al relevo de nuevas generaciones. Este libro recoge las fiestas más emblemáticas de Colombia, que resguardan tradiciones muy antiguas, llenas de música y color. Los lectores vivirán distintas experiencias que los acercarán de una manera distinta a estas fiestas, porque cada historia que se cuenta ofrece una perspectiva muy humana desde la voz de los niños y las niñas protagonistas. Un libro para celebrar la diversidad y el espíritu que conecta a todos aquellos que compartimos la misma identidad | ||
| 521 | _aRecomendado para un público mayor de 10 años | ||
| 650 | 0 | 7 |
_aCultura colombiana _xLiteratura infantil _2LEMB _965485 |
| 650 | 0 | 7 |
_aFiestas populares _xLiteratura infantil _zColombia _2LEMB _965486 |
| 650 | 0 | 7 |
_aFolclor _xLiteratura infantil _2LEMB _965487 |
| 650 | 0 | 7 |
_aTradiciones y costumbres _xLiteratura infantil _zColombia _2lemb _965488 |
| 700 |
_aBarreto Púlido, Yein Lucy _eill _965489 |
||
| 942 |
_2ddc _cBKINF |
||
| 999 |
_c59407 _d59407 |
||